Krúti sa prestupový kolotoč

Bibliographic Details
Format: Article
Language:Slovak
PhysicalDescription:Fotogr.
ISSN:0139-7001
Subjects:

MARC

LEADER 00000nab a2200000 a 4500
001 vtls000802699
003 SK-MaSNL
005 20260302151349.0
008 160405c2002 xo 0 slo
015 |a SNBRB2002/08-24913 
035 |a CLN000154354 
040 |a SNKBUCL  |b slo  |c SNKBUCL  |e AACR2 
041 0 |a slo 
044 |a xo  |c SK 
080 |a 796.72.093.1  |x (100)  |2 1997 
245 0 0 |a Krúti sa prestupový kolotoč 
300 |b Fotogr. 
611 2 7 |a Majstrovstvá sveta cestných motocyklov  |d (2002 :  |c Brno, Česko)  |2 snkbucl  |9 842794 
611 2 7 |a Veľká cena Nemecka cestných motocyklov  |d (2002)  |2 snkbucl  |9 842795 
650 0 7 |a cestná motocyklistika  |2 snkbucl  |9 842796 
655 7 |a články z novín a časopisov  |2 snkbucl  |9 267496 
773 0 |x 0139-7001  |t Šport  |g Roč. 56, č. 177 (1.8.2002) 
773 0 |x 0139-7001  |t [Príl.] Šport extra  |g S. 28-29 
850 |a Slovenská národná knižnica v Martine 
852 |a SNK  |b KIS3GCP 
958 |a DE 
999 |c 1359628  |d 1361558